000 00427nam a2200157 i 4500
001 55434
003 ES-MaACL
005 20230906163138.0
007 t|
008 030919s1982 sp ||||1| spa d
100 1 _aOrtiz de Larra, F.
_987598
245 1 4 _aLos derechos el trabajador /
_cF. Ortiz de Larra.
260 _a[LogroƱo :
_bRuiz Flores,
_c1982]
300 _a80 p. ;
_c20 cm.
852 _aES-MaACL
_jL-2121
_bR.103146
999 _c55434
_d55434